Guía de residentes del Hospital Clínico San Carlos

Guardado en:
Detalles Bibliográficos
Autores principales: Estrada Pérez, Vicente (Autor), Portolés Pérez, Antonio (Autor)
Formato: Libro
Lenguaje:español
Publicado: Madrid ASERCOMI 1996
Edición:3a. ed
Materias:
Etiquetas: Agregar Etiqueta
Sin Etiquetas, Sea el primero en etiquetar este registro!

MARC

LEADER 00000nam a2200000 a 4500
001 UCO8496
003 CL-VaPUC
008 001207e19960000SP |||||||||||||||||spa|d
082 0 4 |a 616.0252  |b EST  |2 21 
100 0 |a Estrada Pérez, Vicente  |e author  |9 453424 
700 0 |a Portolés Pérez, Antonio  |e author  |9 453425 
245 1 0 |a Guía de residentes del Hospital Clínico San Carlos 
250 |a 3a. ed 
300 |a 1042 p 
942 |c BK 
945 |d 20001207 00:00:00  |a cmena 
260 |a Madrid  |b ASERCOMI  |c 1996 
500 |a Material complementario: CD 
650 0 |a Primeros auxilios  |9 308210 
650 7 |a HERIDAS - TRATAMIENTOS  |2 CL-VaPUC  |9 309930 
650 0 |a Asistencia de emergencias  |9 453426 
650 0 |a Medicina de urgencia  |9 453427 
583 |a last modification  |c 20001207 00:00:00  |k Rodrigo Vera 
999 |c 293112  |d 293110 
952 |0 0  |1 0  |4 0  |6 616_025200000000000_EST_1996  |7 0  |8 A  |9 344306  |a BIBCUR  |b BIBCUR  |d 2019-11-20  |i 3671895  |l 2  |m 2  |o 616.0252 EST 1996  |p 3671895  |r 2025-04-22  |s 2023-03-28  |w 2019-11-20  |y BK  |k FIS